000 01065nam a2200313 4500
003 EG-GICUC
005 20260121101651.0
008 260106s1995 ua ||||fr|||| 00| 0 ara d
040 _a EG-GICUC
_bara
_c EG-GICUC
_d EG-GICUC
_erda
041 0 _aara
082 0 4 _221
_a345.7
_bس ع . ع
092 0 4 _221
099 _aLaw1 07 345.7 س ع . ع 1995
100 0 _aسعاد الشرقاوي
_eمؤلف.
245 1 2 _aالعقود الإدارية /
_cسعاد الشرقاوي.
264 1 _aالقاهرة :
_b[الناشر غير محدد]،
_c1995.
300 _a517 ؛ صفحة
_c24 سم.
336 _2rda content
_atext
337 _2rda media
_aComputer
338 _2rda carrier
_aOnline Resource
504 _a. 240-220 ببليوجرافيا: صفحات.
546 _aالنص باللغة العربية
650 1 4 _aالعقود الإدارية
_2qrmak
650 1 4 _aالقانون الاداري
_2qrmak
651 1 _2qrmak
856 4 0 _uhttps://fll.law.cu.edu.eg/fulltext/bks/B07-02184.pdf
905 _a77
942 _2ddc
_n0
_cBK
_e21
999 _c54753
_d54753